Ivory Coast Immigration by Country - Statistics

General Stats
  • This quiz has been taken 135 times
    101 since last reset
  • The average score is 9 of 10
Answer Stats
Immigrants Country % Correct
50,280 Niger
98%
39,306 Nigeria
97%
1,307,265 Burkina Faso
94%
359,579 Mali
94%
95,929 Guinea
91%
19,183 Senegal
90%
43,176 Ghana
87%
50,831 Togo
86%
54,608 Benin
84%
83,252 Liberia
83%
No matching quizzes found
Score Distribution
Percent of People with Each Score
Percentile by Number Answered
Your Score History
You have not taken this quiz since the last reset